00807cam a22002653a 450000100090000000300040000900500170001300800410003001000170007103500230008804000180011105000230012908200260015210000250017824500470020326000390025030000300028952100210031952600190034054100060035956200560036565000320042165500260045371000620047916404443OSt20140310182716.0861024s1984 xx c j 000 0 eng d a 98818580  a(OCoLC)ocm14514901 aIVCcIVCdDLC00aGV 331b.R431 1984 aM 796.3322 bR31 19841 aResciniti, Angelo G.10aDynamite defenses /cResciniti, Angelo G.  a[S.l.] :bWillowisp Press,cc1984. a160 p. :bill. ; c18 cm. acollege students c1210L to 1700L j1 efor circulation. 1 copy available in the collection 0aFootballxDefensexHistory. 7aSports stories.2lcsh2 aCopyright Paperback Collection (Library of Congress)5DLC